Patología médica / (Record no. 117434)

MARC details
000 -LEADER
campo de control de longitud fija 00579nam a2200181 4500
001 - NÚMERO DE CONTROL
campo de control 117434
003 - IDENTIFICADOR DE NÚMERO DE CONTROL
campo de control ES-MaACL
005 - FECHA Y HORA DE LA ÚLTIMA TRANSACCIÓN
campo de control 20230906190913.0
007 - CAMPO FIJO DE DESCRIPCIÓN FÍSICA--INFORMACIÓN GENERAL
campo de control de longitud fija t|
008 - DATOS DE LONGITUD FIJA--INFORMACIÓN GENERAL
campo de control de longitud fija 070214s1982 sp r ||||1| spa d
100 1# - ENTRADA PRINCIPAL--NOMBRE DE PERSONA
Nombre de persona Pequignot, Henri.
9 (RLIN) 90337
245 10 - MENCIÓN DEL TÍTULO
Título Patología médica /
Mención de responsabilidad, etc. bajo la dirección de H. Pequignot, versión de José Mª. de Prado Marcilla.
250 ## - MENCION DE EDICION
Mención de edición 1ª. ed.
260 ## - PUBLICACIÓN, DISTRIBUCIÓN, ETC.
Lugar de publicación, distribución, etc. Barcelona :
Nombre del editor, distribuidor, etc. Toray-Masson,
Fecha de publicación, distribución, etc. 1982.
300 ## - DESCRIPCIÓN FÍSICA
Extensión XXXIV, 1731 p. :
Otras características físicas il. ;
Dimensiones 26 cm.
700 0# - ENTRADA AGREGADA--NOMBRE PERSONAL
Nombre de persona Prado Marcilla, José María de.
9 (RLIN) 93622
852 ## - LOCALIZACIÓN
Ubicación ES-MaACL
Número de control de estantería L-3062
Sublocalización o colección R.104002
Holdings
Estatus retirado Estado de pérdida Estado de daño No para préstamo Biblioteca de origen Biblioteca actual Ubicación en estantería Fecha de adquisición Fuente de adquisición Total de préstamos Signatura topográfica completa Código de barras Visto por última vez Precio de reemplazo Tipo de ítem Koha
        Biblioteca del Ateneo de Madrid Biblioteca del Ateneo de Madrid Depósito 2 17/01/2008     L-3062 1122435 23/02/2023 23/02/2023 Libro impreso